[Event "GER-ch Blitz (Women)"]
[Site "Munich"]
[Date "2025.05.24"]
[Round "24"]
[White "Anissimova, Mariya"]
[Black "Koldunov, Elena"]
[Result "1-0"]
[WhiteElo "1925"]
[BlackElo "1488"]
[PlyCount "42"]
[EventDate "2025.05.24"]
[EventType "tourn (blitz)"]
[EventRounds "29"]
[EventCountry "GER"]
[SourceTitle "CB22_2025"]
[SourceDate "2025.05.28"]
[SourceVersion "1"]
[SourceVersionDate "2025.05.28"]
[SourceQuality "1"]

1. e4 c5 2. Nf3 d6 3. d4 cxd4 4. Nxd4 Nf6 5. Nc3 a6 6. Be3 e5 7. Nf3 b5 8. Bg5 Be7 9. a4 b4 10. Bxf6 Bxf6 11. Nd5 Bb7 12. Bc4 0-0 13. Qe2 Qa5 14. Nxf6+ gxf6 15. Nh4 b3+ 16. c3 Bc8 17. Qf3 Qb6 18. Qxf6 Qd8 19. Qxd8 Rxd8 20. Bxb3 Bb7 21. f3 Nd7 1-0

[Event "GER-ch Blitz (Women)"]
[Site "Munich"]
[Date "2025.05.24"]
[Round "8"]
[White "Anissimova, Mariya"]
[Black "Leshchenko, Sofia"]
[Result "0-1"]
[WhiteElo "1925"]
[BlackElo "2092"]
[PlyCount "94"]
[EventDate "2025.05.24"]
[EventType "tourn (blitz)"]
[EventRounds "29"]
[EventCountry "GER"]
[SourceTitle "CB22_2025"]
[SourceDate "2025.05.28"]
[SourceVersion "1"]
[SourceVersionDate "2025.05.28"]
[SourceQuality "1"]

1. Nf3 Nf6 2. g3 g6 3. Bg2 Bg7 4. 0-0 c6 5. d3 d5 6. c4 Nbd7 7. Nc3 0-0 8. Rb1 e5 9. cxd5 cxd5 10. d4 e4 11. Ne1 Nb6 12. h3 Be6 13. Nc2 Qd7 14. Kh2 Rac8 15. Ne3 Nh5 16. Bd2 f5 17. f4 Bxd4 18. Nc2 Bc5 19. e3 Nc4 20. Nd4 a6 21. Qe2 Nxd2 22. Qxd2 Nf6 23. Rfd1 Rfd8 24. Nxe6 Qxe6 25. Ne2 Qb6 26. Nd4 Bxd4 27. exd4 a5 28. Rbc1 Qb4 29. Qxb4 axb4 30. Bf1 Nd7 31. Kg2 Nb6 32. Kf2 Nc4 33. Bxc4 dxc4 34. Ke3 Rd5 35. Rc2 b5 36. a3 bxa3 37. bxa3 Ra8 38. Rc3 Kf7 39. Rb1 Ke6 40. Rb4 Kd6 41. g4 Kc6 42. g5 Rd7 43. h4 Rda7 44. Rb2 Rxa3 45. Rbc2 Rxc3+ 46. Rxc3 Ra1 47. Kd2 Kd5 0-1

[Event "GER-ch Blitz (Women)"]
[Site "Munich"]
[Date "2025.05.24"]
[Round "16"]
[White "Anissimova, Mariya"]
[Black "Morio, Estelle"]
[Result "1-0"]
[WhiteElo "1925"]
[BlackElo "1814"]
[PlyCount "97"]
[EventDate "2025.05.24"]
[EventType "tourn (blitz)"]
[EventRounds "29"]
[EventCountry "GER"]
[SourceTitle "CB22_2025"]
[SourceDate "2025.05.28"]
[SourceVersion "1"]
[SourceVersionDate "2025.05.28"]
[SourceQuality "1"]

1. Nf3 Nf6 2. g3 g6 3. Bg2 Bg7 4. 0-0 0-0 5. d3 d5 6. Nbd2 Bg4 7. c4 c5 8. Rb1 Nc6 9. a3 a5 10. cxd5 Nxd5 11. Nc4 Rc8 12. Ne3 Nxe3 13. Bxe3 b6 14. h3 Bd7 15. Qd2 Qc7 16. Bh6 Rfd8 17. Bxg7 Kxg7 18. Rfc1 Qd6 19. Qc3+ Kg8 20. Qb3 Qb8 21. Qc4 Be6 22. Qh4 h5 23. Qg5 Kg7 24. Nh4 Nd4 25. Re1 Qd6 26. Be4 Bd5 27. e3 Bxe4 28. dxe4 Ne6 29. Nf5+ Kg8 30. Nxe7+ Kf8 31. Nxg6+ fxg6 32. Qf6+ Kg8 33. Qxg6+ Kf8 34. Qf6+ Kg8 35. e5 Qd7 36. Qg6+ Qg7 37. Qxe6+ Qf7 38. Qxf7+ Kxf7 39. Rbd1 Re8 40. f4 Rc6 41. Kf2 Rg6 42. Rd7+ Kg8 43. Red1 Kh8 44. Rb7 Reg8 45. Rdd7 R8g7 46. Rxg7 Rxg7 47. Rxg7 Kxg7 48. f5 Kf7 49. Kf3 1-0

[Event "GER-ch Blitz (Women)"]
[Site "Munich"]
[Date "2025.05.24"]
[Round "18"]
[White "Anissimova, Mariya"]
[Black "Roessler, Ulrike"]
[Result "0-1"]
[WhiteElo "1925"]
[BlackElo "2041"]
[PlyCount "48"]
[EventDate "2025.05.24"]
[EventType "tourn (blitz)"]
[EventRounds "29"]
[EventCountry "GER"]
[SourceTitle "CB22_2025"]
[SourceDate "2025.05.28"]
[SourceVersion "1"]
[SourceVersionDate "2025.05.28"]
[SourceQuality "1"]

1. e4 c5 2. Nf3 d6 3. d4 cxd4 4. Nxd4 Nf6 5. Nc3 a6 6. Be3 e5 7. Nf3 Be7 8. Bc4 Be6 9. Bxe6 fxe6 10. Ng5 Qd7 11. Qf3 Nc6 12. Qh3 Nd8 13. 0-0-0 h6 14. Bb6 0-0 15. Nf3 Qc8 16. g4 Nh7 17. Be3 b5 18. Rhg1 b4 19. Ne2 Qc4 20. Rd3 Rc8 21. Nc3 Nb7 22. b3 Qc6 23. g5 Nxg5 24. Bxg5 Bxg5+ 0-1

[Event "GER-ch Blitz (Women)"]
[Site "Munich"]
[Date "2025.05.24"]
[Round "14"]
[White "Anissimova, Mariya"]
[Black "Schulze, Lara"]
[Result "0-1"]
[WhiteElo "1925"]
[BlackElo "2340"]
[PlyCount "110"]
[EventDate "2025.05.24"]
[EventType "tourn (blitz)"]
[EventRounds "29"]
[EventCountry "GER"]
[SourceTitle "CB22_2025"]
[SourceDate "2025.05.28"]
[SourceVersion "1"]
[SourceVersionDate "2025.05.28"]
[SourceQuality "1"]

1. Nf3 Nf6 2. g3 b5 3. Bg2 Bb7 4. d3 e6 5. e4 d6 6. 0-0 Be7 7. c3 0-0 8. a4 a6 9. axb5 axb5 10. Rxa8 Bxa8 11. h3 c5 12. Be3 Nbd7 13. Nbd2 Bb7 14. Qb3 Qa5 15. Bg5 h6 16. Bf4 Ra8 17. Re1 e5 18. Be3 Nf8 19. c4 b4 20. Qc2 Ne6 21. Nf1 Bc6 22. Bd2 Qa4 23. Qc1 Qb3 24. Qb1 Ra2 25. Bc1 Qa4 26. b3 Qa8 27. Bb2 Nd7 28. Ne3 g6 29. Ng4 h5 30. Ne3 h4 31. Qc2 Kg7 32. gxh4 Nf4 33. Ng4 Ra7 34. Qd2 f6 35. Ne3 Qh8 36. Ng4 Nf8 37. Ra1 Rxa1+ 38. Bxa1 N8e6 39. Bb2 Kf7 40. Bc1 Bf8 41. Qd1 Bh6 42. Be3 f5 43. exf5 gxf5 44. Ngh2 Ba8 45. Ng5+ Nxg5 46. Bxa8 Qxa8 47. Bxf4 Nxh3+ 48. Kf1 Qh1+ 49. Ke2 Nxf4+ 50. Kd2 Qxd1+ 51. Kxd1 Kg6 52. Kc2 Kh5 53. Nf3 Kg4 54. Nd2 Kxh4 55. f3 Kg3 0-1

[Event "GER-ch Blitz (Women)"]
[Site "Munich"]
[Date "2025.05.24"]
[Round "15"]
[White "Braeutigam, Katerina"]
[Black "Anissimova, Mariya"]
[Result "1-0"]
[WhiteElo "2143"]
[BlackElo "1925"]
[PlyCount "73"]
[EventDate "2025.05.24"]
[EventType "tourn (blitz)"]
[EventRounds "29"]
[EventCountry "GER"]
[SourceTitle "CB22_2025"]
[SourceDate "2025.05.28"]
[SourceVersion "1"]
[SourceVersionDate "2025.05.28"]
[SourceQuality "1"]

1. d4 Nf6 2. Bf4 g6 3. Nd2 Bg7 4. e4 d6 5. Ngf3 c5 6. c3 cxd4 7. cxd4 Nc6 8. Bb5 0-0 9. 0-0 Bg4 10. Bxc6 bxc6 11. Qc2 Qd7 12. h3 Bxf3 13. Nxf3 Rfc8 14. e5 Nd5 15. Bg3 Rab8 16. Rfe1 Rb6 17. Re2 c5 18. Qe4 dxe5 19. Nxe5 Qd8 20. Rc1 e6 21. dxc5 Rb5 22. Qd4 h5 23. a3 a5 24. Rec2 Qc7 25. Qe4 Rcb8 26. Nxg6 Qc6 27. Bxb8 Rxb8 28. Nf4 Rd8 29. Nxd5 Rxd5 30. Rd2 f5 31. Qf3 Qd7 32. Rxd5 exd5 33. c6 Qc7 34. Qxd5+ Kh8 35. Qd7 Be5 36. Qxc7 Bxc7 37. Rd1 1-0

[Event "GER-ch Blitz (Women)"]
[Site "Munich"]
[Date "2025.05.24"]
[Round "27"]
[White "Bursan, Ana Maria"]
[Black "Anissimova, Mariya"]
[Result "0-1"]
[WhiteElo "1896"]
[BlackElo "1925"]
[PlyCount "66"]
[EventDate "2025.05.24"]
[EventType "tourn (blitz)"]
[EventRounds "29"]
[EventCountry "GER"]
[SourceTitle "CB22_2025"]
[SourceDate "2025.05.28"]
[SourceVersion "1"]
[SourceVersionDate "2025.05.28"]
[SourceQuality "1"]

1. e4 c5 2. Nc3 Nc6 3. Nge2 g6 4. g3 Bg7 5. Bg2 Rb8 6. 0-0 b5 7. d3 Nd4 8. Be3 d6 9. Qd2 h5 10. Rab1 Nh6 11. Nd1 Ng4 12. c3 Nxe2+ 13. Qxe2 Nxe3 14. Nxe3 b4 15. c4 h4 16. a3 Be6 17. axb4 Rxb4 18. f4 hxg3 19. hxg3 Bh3 20. f5 g5 21. Bxh3 Rxh3 22. Kg2 Rh8 23. Nd5 Rb8 24. Qg4 f6 25. b4 cxb4 26. Nxb4 Qa5 27. Nc6 Qa2+ 28. Rf2 Rh2+ 29. Kxh2 Qxf2+ 30. Kh3 Rxb1 31. Qh5+ Kd7 32. Qf7 Rh1+ 33. Kg4 Qe2# 0-1

[Event "GER-ch Blitz (Women)"]
[Site "Munich"]
[Date "2025.05.24"]
[Round "7"]
[White "Dolzhikova, Kateryna"]
[Black "Anissimova, Mariya"]
[Result "1-0"]
[WhiteElo "2331"]
[BlackElo "1925"]
[PlyCount "81"]
[EventDate "2025.05.24"]
[EventType "tourn (blitz)"]
[EventRounds "29"]
[EventCountry "GER"]
[SourceTitle "CB22_2025"]
[SourceDate "2025.05.28"]
[SourceVersion "1"]
[SourceVersionDate "2025.05.28"]
[SourceQuality "1"]

1. e4 c5 2. Nf3 Nc6 3. Bb5 a6 4. Bxc6 dxc6 5. h3 g6 6. d3 Bg7 7. Nc3 e5 8. Be3 b6 9. Qd2 h6 10. 0-0 g5 11. Ne2 Ne7 12. Ng3 Ng6 13. Nf5 Bxf5 14. exf5 Nf4 15. Kh2 0-0 16. g3 Nd5 17. Rae1 Qf6 18. g4 Qd6 19. Kg2 Nf4+ 20. Bxf4 exf4 21. h4 Bf6 22. hxg5 hxg5 23. Rh1 Kg7 24. Rh5 Rh8 25. Reh1 Rxh5 26. Rxh5 Rh8 27. Rxh8 Kxh8 28. Qe2 Qe7 29. Qxe7 Bxe7 30. Ne5 Bf6 31. Nxf7+ Kg7 32. Nd6 Bxb2 33. Nc4 Bd4 34. Nxb6 Kf6 35. Kf3 Ke5 36. Nc4+ Kd5 37. Nd2 Ke5 38. Ne4 c4 39. dxc4 Bb6 40. Nxg5 Bd8 41. Nf7+ 1-0

[Event "GER-ch Blitz (Women)"]
[Site "Munich"]
[Date "2025.05.24"]
[Round "21"]
[White "Kosovska, Olena"]
[Black "Anissimova, Mariya"]
[Result "0-1"]
[WhiteElo "1927"]
[BlackElo "1925"]
[PlyCount "92"]
[EventDate "2025.05.24"]
[EventType "tourn (blitz)"]
[EventRounds "29"]
[EventCountry "GER"]
[SourceTitle "CB22_2025"]
[SourceDate "2025.05.28"]
[SourceVersion "1"]
[SourceVersionDate "2025.05.28"]
[SourceQuality "1"]

1. c4 Nf6 2. Nc3 g6 3. g3 Bg7 4. d4 0-0 5. Bg2 d6 6. e3 c6 7. Nge2 Qb6 8. 0-0 Qa6 9. b4 Nbd7 10. a4 Rb8 11. b5 cxb5 12. cxb5 Qb6 13. Bb2 Qd8 14. Rc1 e6 15. Qd2 Nb6 16. e4 Nc4 17. Qc2 Nxb2 18. Qxb2 d5 19. e5 Nd7 20. f4 Nb6 21. Qb4 Nc4 22. Nd1 Bd7 23. Rf3 Re8 24. Ne3 Bf8 25. Qe1 Nxe3 26. Rxe3 Qb6 27. Rb3 a5 28. h3 Rec8 29. Kh2 Bb4 30. Qd1 Rxc1 31. Qxc1 Rc8 32. Qd1 Rc4 33. Rd3 Be7 34. g4 Qc7 35. Rg3 b6 36. f5 exf5 37. gxf5 Bxf5 38. Bxd5 Rc2 39. Rg2 Rb2 40. Bc6 Qc8 41. Nf4 Rxg2+ 42. Kxg2 Bg5 43. Nd5 Bxh3+ 44. Kh2 Qg4 45. Qe2 Qxe2+ 46. Kxh3 Qh5+ 0-1

[Event "GER-ch Blitz (Women)"]
[Site "Munich"]
[Date "2025.05.24"]
[Round "5"]
[White "Wagner, Dinara"]
[Black "Anissimova, Mariya"]
[Result "1-0"]
[WhiteElo "2403"]
[BlackElo "1925"]
[PlyCount "59"]
[EventDate "2025.05.24"]
[EventType "tourn (blitz)"]
[EventRounds "29"]
[EventCountry "GER"]
[SourceTitle "CB22_2025"]
[SourceDate "2025.05.28"]
[SourceVersion "1"]
[SourceVersionDate "2025.05.28"]
[SourceQuality "1"]

1. d4 Nf6 2. c4 g6 3. Nc3 Bg7 4. Nf3 d6 5. g3 0-0 6. Bg2 c6 7. e4 Qb6 8. h3 Qa6 9. Qe2 Nbd7 10. 0-0 Rb8 11. e5 Ne8 12. Bf4 dxe5 13. dxe5 e6 14. Rac1 b5 15. b3 bxc4 16. bxc4 Nb6 17. Ne4 Nd7 18. Rfe1 Qa4 19. Qd2 Nc7 20. Bh6 Na6 21. Bxg7 Kxg7 22. h4 Qb4 23. Qf4 Nac5 24. Nxc5 Nxc5 25. Red1 Nd7 26. h5 Qe7 27. h6+ Kg8 28. Nd4 Bb7 29. Bxc6 Rfc8 30. Bxd7 1-0

[Event "GER-ch Blitz (Women)"]
[Site "Munich"]
[Date "2025.05.24"]
[Round "19"]
[White "Wilke, Ronja"]
[Black "Anissimova, Mariya"]
[Result "0-1"]
[WhiteElo "1585"]
[BlackElo "1925"]
[PlyCount "170"]
[EventDate "2025.05.24"]
[EventType "tourn (blitz)"]
[EventRounds "29"]
[EventCountry "GER"]
[SourceTitle "CB22_2025"]
[SourceDate "2025.05.28"]
[SourceVersion "1"]
[SourceVersionDate "2025.05.28"]
[SourceQuality "1"]

1. e4 c5 2. c3 e6 3. d4 d5 4. exd5 exd5 5. Nf3 Nc6 6. Bb5 c4 7. 0-0 Bd6 8. Qe2+ Nge7 9. Bg5 0-0 10. Re1 f6 11. Bh4 Bf5 12. Ba4 Bd3 13. Qe6+ Kh8 14. Nbd2 Bf5 15. Qe3 Bg6 16. b3 cxb3 17. axb3 Nf5 18. Qe6 Nxh4 19. Nxh4 Bf7 20. Qe3 Qc7 21. Bxc6 Bxh2+ 22. Kh1 Bf4 23. Qd3 bxc6 24. g3 Bg5 25. Nhf3 Bg6 26. Qe2 Rfe8 27. Qf1 Bxd2 28. Nxd2 Qd7 29. Nf3 Be4 30. Re3 Qg4 31. Qg2 Qh5+ 32. Kg1 Kg8 33. Qh2 Bxf3 34. Rae1 Rxe3 35. Rxe3 Qxh2+ 36. Kxh2 Be4 37. Kh3 Kf7 38. f3 Bf5+ 39. g4 Bg6 40. f4 h5 41. Re2 hxg4+ 42. Kxg4 Rh8 43. Ra2 Ra8 44. Re2 a5 45. Ra2 Ke6 46. Re2+ Kd7 47. f5 Bf7 48. Ra2 Kd6 49. Kf4 c5 50. Rg2 cxd4 51. cxd4 Rb8 52. Rxg7 Ke7 53. Rg3 Rb4 54. Rd3 Kd6 55. Ke3 Bg8 56. Rc3 Bh7 57. Rc5 a4 58. bxa4 Rxa4 59. Rb5 Bxf5 60. Rb6+ Ke7 61. Rb7+ Bd7 62. Rb6 Rc4 63. Kd3 Rc6 64. Rb4 Kd6 65. Ke3 f5 66. Kf4 Ke6 67. Rb3 Kf6 68. Re3 Rc4 69. Rd3 Be6 70. Ke3 Kg5 71. Rd2 f4+ 72. Kf3 Rc3+ 73. Kf2 Bf5 74. Ke1 Be4 75. Rb2 f3 76. Rf2 Kf4 77. Kd2 Rc2+ 78. Ke1 Rxf2 79. Kxf2 Bf5 80. Ke1 Ke3 81. Kf1 Bd3+ 82. Kg1 f2+ 83. Kg2 f1Q+ 84. Kh2 Qf2+ 85. Kh1 Be4# 0-1

[Event "Augsburg op-A (Women)"]
[Site "Augsburg"]
[Date "2025.03.08"]
[Round "6"]
[White "Anissimova, Mariya"]
[Black "Bashylina, Luisa"]
[Result "0-1"]
[WhiteElo "1901"]
[BlackElo "2175"]
[PlyCount "102"]
[EventDate "2025.03.05"]
[EventType "swiss"]
[EventRounds "9"]
[EventCountry "GER"]
[SourceTitle "CB11_2025"]
[SourceDate "2025.03.12"]
[SourceVersion "1"]
[SourceVersionDate "2025.03.12"]
[SourceQuality "1"]

1. e4 c5 2. Nf3 d6 3. d4 cxd4 4. Nxd4 Nf6 5. Nc3 a6 6. Be3 e5 7. Nf3 Be7 8. Bc4 0-0 9. 0-0 Nc6 10. Bg5 Be6 11. Bb3 Na5 12. Bxf6 Bxf6 13. Nd5 Nxb3 14. axb3 Rc8 15. c4 Be7 16. Qd3 f5 17. Nxe7+ Qxe7 18. Nd2 g6 19. f3 Qc7 20. Qe3 Kg7 21. f4 Rce8 22. Qc3 Bd7 23. Rae1 Rf6 24. b4 b6 25. Qd3 Kh8 26. b3 a5 27. bxa5 bxa5 28. h3 Qc5+ 29. Kh2 exf4 30. Rxf4 Qe5 31. Qg3 g5 32. Rff1 f4 33. Qd3 f3+ 34. Kg1 Qg3 35. Nxf3 Bxh3 36. Qd2 Bxg2 37. Qxg2 Rxf3 38. Qxg3 Rxg3+ 39. Kh2 Rxb3 40. Rf5 Re5 41. Ra1 Rxf5 42. exf5 Rc3 43. Rxa5 Rxc4 44. f6 Kg8 45. Rxg5+ Kf7 46. Rg7+ Kxf6 47. Rxh7 Rg4 48. Rh5 Ke6 49. Kh3 Rg6 50. Kh2 d5 51. Rh3 Ke5 0-1

[Event "Augsburg op-A (Women)"]
[Site "Augsburg"]
[Date "2025.03.08"]
[Round "7"]
[White "Heutling, Elina"]
[Black "Anissimova, Mariya"]
[Result "1/2-1/2"]
[WhiteElo "2008"]
[BlackElo "1901"]
[PlyCount "118"]
[EventDate "2025.03.05"]
[EventType "swiss"]
[EventRounds "9"]
[EventCountry "GER"]
[SourceTitle "CB11_2025"]
[SourceDate "2025.03.12"]
[SourceVersion "1"]
[SourceVersionDate "2025.03.12"]
[SourceQuality "1"]

1. e4 c5 2. Nf3 Nc6 3. d4 cxd4 4. Nxd4 e5 5. Nb5 d6 6. c4 Be7 7. N1c3 a6 8. Na3 f5 9. exf5 Bxf5 10. Nc2 Nf6 11. Ne3 Be6 12. Be2 0-0 13. 0-0 Nd4 14. Ned5 Nxd5 15. cxd5 Bf7 16. Bd3 b5 17. a3 Bf6 18. Be3 g6 19. Bh6 Bg7 20. Bxg7 Kxg7 21. f4 Qb6 22. Kh1 Qc5 23. Be4 Qc8 24. Rc1 Qd7 25. fxe5 dxe5 26. Qe1 Rae8 27. Qg3 Nb3 28. Rcd1 Nd4 29. Qg5 Qe7 30. Qe3 Bg8 31. Rfe1 Qf6 32. Kg1 Nf5 33. Qa7+ Re7 34. Qc5 Qd6 35. Qxd6 Nxd6 36. Bd3 Rd8 37. a4 b4 38. Ne4 Nxe4 39. Bxe4 Red7 40. Bf3 Bxd5 41. Bg4 Rd6 42. Re3 e4 43. Rxe4 Bc6 44. Re5 h6 45. Rc1 h5 46. Be2 Bxa4 47. Rc7+ R8d7 48. Rc8 Rd2 49. Bc4 Rxb2 50. Rg8+ Kh6 51. h4 Bc6 52. Rg5 Be4 53. Rh8+ Rh7 54. Re8 Bf5 55. Rxf5 gxf5 56. Re6+ Kg7 57. Re7+ Kg6 58. Re6+ Kg7 59. Re7+ Kg6 1/2-1/2

[Event "Augsburg op-A (Women)"]
[Site "Augsburg"]
[Date "2025.03.06"]
[Round "3"]
[White "Anissimova, Mariya"]
[Black "Daulyte Cornette, Deimante"]
[Result "1/2-1/2"]
[WhiteElo "1901"]
[BlackElo "2389"]
[PlyCount "103"]
[EventDate "2025.03.05"]
[EventType "swiss"]
[EventRounds "9"]
[EventCountry "GER"]
[SourceTitle "CB11_2025"]
[SourceDate "2025.03.12"]
[SourceVersion "1"]
[SourceVersionDate "2025.03.12"]
[SourceQuality "1"]

1. e4 e5 2. Nf3 Nc6 3. Be2 Nf6 4. Nc3 d5 5. exd5 Nxd5 6. 0-0 Nxc3 7. bxc3 e4 8. Ne1 Bd6 9. d4 Qh4 10. g3 Qe7 11. Ng2 Bh3 12. Re1 0-0 13. Nf4 Bxf4 14. Bxf4 Qd7 15. Rb1 b6 16. f3 exf3 17. Bxf3 Rae8 18. Qd2 Ne7 19. c4 Ng6 20. Be3 Bf5 21. Qc3 Be4 22. Bxe4 Rxe4 23. Bf2 f5 24. Qd3 Qe6 25. Rxe4 fxe4 26. Qe2 h5 27. Re1 Qf5 28. Qe3 Qg4 29. Qxe4 Nf4 30. Kh1 Nh3 31. Qd5+ Kh8 32. Bg1 h4 33. Re5 g6 34. Re7 Qf3+ 35. Qxf3 Rxf3 36. Kg2 Nxg1 37. Kxg1 hxg3 38. Rxc7 Rc3 39. a4 gxh2+ 40. Kxh2 Kg8 41. d5 Kf8 42. Rxa7 Rxc2+ 43. Kg3 Rxc4 44. Rb7 Rxa4 45. Rxb6 Kf7 46. Kf3 Rd4 47. Rb5 Kf6 48. Ke3 Rd1 49. Ke4 Re1+ 50. Kd4 Rd1+ 51. Ke4 Re1+ 52. Kd4 1/2-1/2

[Event "GER-ch Rapid (Women)"]
[Site "Dinkelsbuehl"]
[Date "2023.11.12"]
[Round "7"]
[White "Reich, Elisabeth"]
[Black "Anissimova, Mariya"]
[Result "0-1"]
[WhiteElo "1533"]
[BlackElo "1519"]
[PlyCount "116"]
[EventDate "2023.11.11"]
[EventType "swiss (rapid)"]
[EventRounds "9"]
[EventCountry "GER"]
[SourceTitle "CBM 217 Extra"]
[Source "ChessBase"]
[SourceDate "2024.01.31"]
[SourceVersion "1"]
[SourceVersionDate "2024.01.31"]
[SourceQuality "1"]

1. e4 e5 2. Nf3 Nc6 3. Bc4 Bc5 4. 0-0 Nf6 5. d3 d6 6. c3 h6 7. a4 a5 8. Nbd2 0-0 9. h3 Bb6 10. Bb3 Ne7 11. Re1 c6 12. Nf1 Ng6 13. Ng3 Be6 14. Bc2 Qd7 15. d4 Rad8 16. Be3 Bc7 17. dxe5 dxe5 18. Nf5 Nf4 19. Bxf4 exf4 20. N3d4 c5 21. Nf3 Bxf5 22. exf5 Qc6 23. Qc1 Rfe8 24. Bb3 Ne4 25. Bc2 Qd5 26. Rxe4 Rxe4 27. Bxe4 Qxe4 28. f6 g5 29. Qe1 Qe6 30. Qxe6 fxe6 31. Re1 Kf7 32. Ne5+ Bxe5 33. Rxe5 b6 34. Re2 Kxf6 35. f3 h5 36. Kf2 Kf5 37. Ke1 e5 38. Kf2 Rd1 39. Re4 Rd2+ 40. Re2 Rxe2+ 41. Kxe2 e4 42. fxe4+ Kxe4 43. Kf2 g4 44. hxg4 hxg4 45. Ke2 c4 46. Kf2 Kd3 47. Ke1 Kc2 48. b4 Kxc3 49. bxa5 bxa5 50. Ke2 Kb2 51. g3 f3+ 52. Kf2 c3 53. Kg1 c2 54. Kf2 Kc3 55. Ke3 c1Q+ 56. Kf2 Qd2+ 57. Kf1 Qe2+ 58. Kg1 Qg2# 0-1

[Event "GER-ch (Women)"]
[Site "Ostfildern"]
[Date "2023.08.18"]
[Round "7"]
[White "Nizamova, Rita"]
[Black "Anissimova, Mariya"]
[Result "1-0"]
[WhiteElo "1755"]
[BlackElo "1651"]
[PlyCount "129"]
[EventDate "2023.08.14"]
[EventType "swiss"]
[EventRounds "9"]
[EventCountry "GER"]
[SourceTitle "CBM 215 Extra"]
[Source "ChessBase"]
[SourceDate "2023.09.30"]
[SourceVersion "1"]
[SourceVersionDate "2023.09.30"]
[SourceQuality "1"]

1. e4 e5 2. Nc3 Nc6 3. g3 Bc5 4. Bg2 d6 5. Na4 Nge7 6. Ne2 Be6 7. Nxc5 dxc5 8. 0-0 Qd7 9. d3 0-0-0 10. a3 c4 11. Be3 cxd3 12. Nc3 dxc2 13. Qxc2 Nd4 14. Bxd4 Qxd4 15. Rfc1 Qc4 16. Bf1 Qc6 17. b4 Kb8 18. a4 Qd7 19. a5 Nc6 20. Na4 Nd4 21. Qc3 Qe7 22. Nc5 Bg4 23. b5 Rc8 24. Qa3 Rhe8 25. b6 Be2 26. bxa7+ Kxa7 27. Qb2 Rb8 28. Bxe2 Red8 29. Nb3 Qb4 30. Rab1 Nxb3 31. Qxb3 Qxe4 32. Qe3+ Qxe3 33. fxe3 Rd2 34. Bf3 c6 35. Rd1 Rbd8 36. Rxd2 Rxd2 37. Ra1 f5 38. h3 e4 39. Bd1 Ka6 40. Kf1 g5 41. Be2+ Ka7 42. Rc1 Rd5 43. a6 c5 44. axb7 Kxb7 45. Rb1+ Kc7 46. Ra1 Kb6 47. Ra6+ Kc7 48. Rf6 Kd7 49. g4 f4 50. exf4 gxf4 51. Rxf4 Ke7 52. Rxe4+ Kf6 53. h4 Rd7 54. h5 Rc7 55. Kf2 h6 56. Kg3 Ra7 57. Bc4 Ra3+ 58. Kf4 Ra7 59. Re6+ Kg7 60. Rg6+ Kh7 61. Rc6 Rd7 62. Rxc5 Rd6 63. Kf5 Rd7 64. Be6 Rg7 65. Kf6 1-0

[Event "GER-ch (Women)"]
[Site "Ostfildern"]
[Date "2023.08.14"]
[Round "1"]
[White "Anissimova, Mariya"]
[Black "Groeschel, Karoline"]
[Result "0-1"]
[WhiteElo "1651"]
[BlackElo "1934"]
[PlyCount "186"]
[EventDate "2023.08.14"]
[EventType "swiss"]
[EventRounds "9"]
[EventCountry "GER"]
[SourceTitle "CBM 215 Extra"]
[Source "ChessBase"]
[SourceDate "2023.09.30"]
[SourceVersion "1"]
[SourceVersionDate "2023.09.30"]
[SourceQuality "1"]

1. e4 c5 2. Nf3 e6 3. d4 cxd4 4. Nxd4 Nf6 5. Bd3 Nc6 6. Nxc6 bxc6 7. 0-0 d5 8. Nd2 Be7 9. b3 0-0 10. Bb2 a5 11. Qe2 Nd7 12. c4 Nc5 13. exd5 Nxd3 14. Qxd3 cxd5 15. cxd5 Ba6 16. Qg3 f6 17. Rfe1 Qxd5 18. Nf3 Rfd8 19. Nd4 e5 20. Nf5 Bf8 21. Ba3 Rd7 22. Bxf8 Kxf8 23. Qh3 g6 24. Ne3 Qf7 25. Qf3 Bb7 26. Qe2 a4 27. bxa4 Rxa4 28. Qb5 Rad4 29. a4 Qe6 30. Rec1 Qa6 31. Qc5+ Kg7 32. h3 Rxa4 33. Rxa4 Qxa4 34. Qb6 Qa6 35. Qxa6 Bxa6 36. g4 Bd3 37. Rd1 Kf7 38. Kh2 f5 39. gxf5 gxf5 40. Nc4 Ke6 41. Nb2 Bb5 42. Rxd7 Kxd7 43. Nd1 f4 44. Kg2 Bc6+ 45. f3 Kd6 46. Kf2 Kc5 47. Nc3 Kc4 48. Ne2 Bd5 49. h4 Kd3 50. Ng1 Kd2 51. Nh3 h6 52. Ng1 Bc4 53. Nh3 Bd3 54. Ng1 Kc3 55. Ke1 Kd4 56. Kd2 e4 57. fxe4 Kxe4 58. Nh3 Bf1 59. Nf2+ Kf3 60. Ke1 Bc4 61. Nd1 Kg4 62. Kf2 Kxh4 63. Kf3 Kg5 64. Nc3 Kf5 65. Nb1 Bd5+ 66. Kf2 Kg4 67. Nd2 h5 68. Nf1 Bc6 69. Nh2+ Kf5 70. Nf1 h4 71. Nh2 h3 72. Nf1 Bg2 73. Nh2 Kg5 74. Ke2 Kh5 75. Ke1 Kg5 76. Ke2 Kf5 77. Kd3 Ke5 78. Ng4+ Kd5 79. Nf6+ Ke6 80. Ng4 Kf5 81. Nh2 Bc6 82. Ke2 Ke4 83. Kf2 Kd3 84. Ng4 Kd2 85. Nh2 Bb5 86. Kf3 Ke1 87. Kxf4 Kf2 88. Ng4+ Kg2 89. Ne3+ Kg1 90. Nf5 h2 91. Ng3 Kg2 92. Kg4 Bd7+ 93. Kf4 Bc8 0-1

[Event "GER-ch blitz (Women)"]
[Site "Magdeburg"]
[Date "2022.08.13"]
[Round "9"]
[White "Anissimova, Mariya"]
[Black "Daemering, Katrin"]
[Result "1-0"]
[WhiteElo "1503"]
[BlackElo "2097"]
[PlyCount "115"]
[EventDate "2022.08.13"]
[EventType "tourn (blitz)"]
[EventRounds "23"]
[EventCountry "GER"]
[SourceTitle "CBM 209 Extra"]
[Source "ChessBase"]
[SourceDate "2022.09.30"]
[SourceVersion "1"]
[SourceVersionDate "2022.09.30"]
[SourceQuality "1"]

1. e4 c5 2. Nf3 d6 3. d4 cxd4 4. Qxd4 Nf6 5. Nc3 a6 6. Bg5 Nc6 7. Qd2 e6 8. Nd4 Qb6 9. Nb3 Be7 10. Bd3 Bd7 11. Be3 Qc7 12. 0-0 b5 13. a3 Rc8 14. f4 0-0 15. Ne2 Ng4 16. Kh1 Nxe3 17. Qxe3 Bf6 18. c3 e5 19. f5 Rfd8 20. Ng3 h6 21. Nh5 Bg5 22. Qg3 g6 23. h4 gxh5 24. hxg5 Kh8 25. Qh4 Rg8 26. Qxh5 Rg7 27. Rf3 Rcg8 28. Rh3 Rh7 29. gxh6 Qd8 30. Rf1 Rg5 31. Qf3 Qg8 32. Nd2 f6 33. Qf2 Nd8 34. Nf3 Rg4 35. Nh4 Be8 36. Be2 Rg5 37. Nf3 Rg4 38. Nh4 Rg5 39. Nf3 Rg4 40. Nh4 Rxe4 41. Ng6+ Bxg6 42. fxg6 Qxg6 43. Bd3 Rxh6 44. Bxe4 Rxh3+ 45. gxh3 Qxe4+ 46. Qg2 Qxg2+ 47. Kxg2 Kg7 48. Rd1 Nf7 49. Kg3 Kg6 50. h4 f5 51. b3 Kf6 52. c4 Ke6 53. cxb5 axb5 54. a4 bxa4 55. bxa4 Nd8 56. a5 Nc6 57. a6 Na7 58. Rb1 1-0

[Event "GER-ch blitz (Women)"]
[Site "Magdeburg"]
[Date "2022.08.13"]
[Round "21"]
[White "Anissimova, Mariya"]
[Black "Leveikina, Jevgenija"]
[Result "1-0"]
[WhiteElo "1503"]
[BlackElo "2032"]
[PlyCount "97"]
[EventDate "2022.08.13"]
[EventType "tourn (blitz)"]
[EventRounds "23"]
[EventCountry "GER"]
[SourceTitle "CBM 209 Extra"]
[Source "ChessBase"]
[SourceDate "2022.09.30"]
[SourceVersion "1"]
[SourceVersionDate "2022.09.30"]
[SourceQuality "1"]

1. e4 c6 2. d4 d5 3. exd5 cxd5 4. Bd3 Nc6 5. c3 Nf6 6. Nf3 Bg4 7. h3 Bh5 8. Bf4 e6 9. Nbd2 Bd6 10. Bxd6 Qxd6 11. 0-0 0-0 12. Re1 a6 13. Qc1 Rac8 14. Ne5 Nxd4 15. Nf1 Nc6 16. Nxc6 Rxc6 17. Ng3 Bg6 18. Be2 b5 19. Qg5 Rfc8 20. Bf3 Rc4 21. Rad1 Qf4 22. Qxf4 Rxf4 23. Ne2 Rfc4 24. Nd4 h6 25. Kf1 b4 26. cxb4 Rxb4 27. b3 Be4 28. Be2 a5 29. Nb5 Rc2 30. a3 Rxe2 31. axb4 Rb2 32. bxa5 Rxb3 33. Nd4 Rb2 34. f3 Bg6 35. Ra1 Nh5 36. a6 Bd3+ 37. Kg1 Nf4 38. a7 Rxg2+ 39. Kh1 Rg3 40. a8Q+ Kh7 41. Kh2 Rg2+ 42. Kh1 Rg3 43. Ra2 Bc4 44. Rh2 Nd3 45. Rg1 Rxg1+ 46. Kxg1 e5 47. Nc2 e4 48. fxe4 dxe4 49. Qxe4+ 1-0